Documento autógrafa de Don Félix María Calleja (Record no. 5085)

MARC details
000 -CABECERA
campo de control de longitud fija 01324nam a2200277 a 4500
001 - NÚMERO DE CONTROL
campo de control BRCA_5391
005 - FECHA Y HORA DE LA ÚLTIMA TRANSACCIÓN
campo de control 20190320205046.0
008 - DATOS DE LONGITUD FIJA--INFORMACIÓN GENERAL
campo de control de longitud fija 091210s1815----mx-####f#v---#000-0#spa-#
041 ## - CÓDIGO DE LENGUA
Código de lengua del texto/banda sonora o título independiente spa
044 ## - CÓDIGO DEL PAÍS DE LA ENTIDAD EDITORA/PRODUCTORA
Código MARC del país mx
084 ## - OTRO NÚMERO DE CLASIFICACIÓN
Número de clasificación DOC18
Número de documento/Ítem .C35
-- 1815
100 1# - ENTRADA PRINCIPAL--NOMBRE DE PERSONA
Nombre de persona Calleja, Félix María
Títulos y otros términos asociados al nombre Virrey de Nueva España
Fechas asociadas al nombre 1753-1828
9 (RLIN) 13788
245 10 - MENCIÓN DE TÍTULO
Título Documento autógrafa de Don Félix María Calleja
Mención de responsabilidad, etc. Félix María Calleja.
260 ## - PUBLICACIÓN, DISTRIBUCIÓN, ETC.
Lugar de publicación, distribución, etc. México
Fecha de publicación, distribución, etc. 1815
300 ## - DESCRIPCIÓN FÍSICA
Extensión [2] fojas
Dimensiones 21 x 15 cm
500 ## - NOTA GENERAL
Nota general Carta firmada el 14 de noviembre de 1815
500 ## - NOTA GENERAL
Nota general Carta autógrafa de Don Felix Calleja, dirigida al señor intendente de Guadalajara. En ella pide a la mayor brevedad, noticia de los bienes embargados a los rebeldes en el juzgado de dicha intendencia, a fin de proceder a su inmediata enagenación.
500 ## - NOTA GENERAL
Nota general El documento tiene la leyenda DOC. #27
500 ## - NOTA GENERAL
Nota general Estado de conservación: contiene manchas de acidez y anotaciones de color rojo
506 0# - NOTA DE RESTRICCIONES AL ACCESO
Limitaciones de acceso Fondo reservado: para su consulta es necesario credencial de usuario y carta de motivos
546 ## - NOTA DE LENGUA/LENGUAJE
Nota de lengua/lenguaje Texto en: español a principios del siglo XIX
600 14 - PUNTO DE ACCESO ADICIONAL DE MATERIA--NOMBRE DE PERSONA
Nombre de persona Calleja, Félix María
Títulos y otros términos asociados al nombre Virrey de Nueva España
Fechas asociadas al nombre 1753-1828
9 (RLIN) 13788
651 #4 - PUNTO DE ACCESO ADICIONAL DE MATERIA--NOMBRE GEOGRÁFICO
Nombre geográfico México
Subdivisión de forma Manuscrito
Subdivisión general Historia
Subdivisión cronológica Guerra de Independencia, 1810-1821
9 (RLIN) 12432
902 ## - CATALOGADOR
Iniciales FDH
942 ## - ELEMENTOS DE PUNTO DE ACCESO ADICIONAL (KOHA)
Fuente del sistema de clasificación o colocación Library of Congress Classification
Tipo de ítem Koha Documentos
Holdings
Estado de retiro Estado de pérdida Estado dañado No para préstamo Localización permanente Ubicación/localización actual Fecha de adquisición Total de préstamos Signatura topográfica completa Código de barras Fecha visto por última vez Precio válido a partir de Tipo de ítem Koha
El ejemplar forma parte de la colección y puede ser consultado según las políticas vigentes.       Biblioteca del Museo Franz Mayer (Rogerio Casas-Alatriste) Biblioteca del Museo Franz Mayer (Rogerio Casas-Alatriste) 09/12/2010   DOC18 .C35 1815 5826 22/03/2019 22/03/2019 Documentos